Loading...
| Fine Arts - Classical Music | 0 | 7 | 0 | 1 | 70 | 64 | 96.71 | 3 | 7 | 13.33 | 49.09 |
| Fine Arts - Painting and Sculpture | 0 | 7 | 1 | 1 | 65 | 67 | 88.00 | 2 | 5 | 19.98 | 40.00 |
| History - World | 0 | 5 | 1 | 2 | 45 | 83 | 102.80 | 1 | 2 | 8.63 | 20.00 |
| Social Science | 0 | 3 | 0 | 0 | 30 | 79 | 92.00 | 1 | 2 | 5.96 | 14.55 |
| Religion | 0 | 3 | 0 | 0 | 30 | 89 | 107.00 | 1 | 1 | 2.52 | 14.55 |
| Philosophy | 0 | 2 | 0 | 0 | 20 | 82 | 99.00 | 0 | 2 | 2.69 | 9.09 |
| History - Other | 0 | 2 | 0 | 0 | 20 | 85 | 92.50 | 1 | 2 | 5.13 | 16.36 |
| History - American | 0 | 2 | 0 | 1 | 20 | 36 | 82.00 | 0 | 1 | 6.47 | 7.27 |
| Fine Arts - Other | 0 | 2 | 1 | 0 | 15 | 60 | 65.00 | 1 | 2 | 8.39 | 16.36 |
| Literature - World | 0 | 1 | 0 | 0 | 10 | 80 | 80.00 | 0 | 1 | 3.82 | 7.27 |
| Literature - American | 0 | 1 | 0 | 0 | 10 | 76 | 76.00 | 1 | 1 | 4.36 | 9.09 |
| Geography | 0 | 1 | 0 | 0 | 10 | 92 | 92.00 | 0 | 0 | 7.44 | 10.00 |
| Science - Physics | 0 | 1 | 0 | 0 | 10 | 51 | 51.00 | 1 | 1 | 5.32 | 9.09 |
| History - European | 0 | 1 | 1 | 0 | 5 | 106 | 106.00 | 0 | 1 | 0.85 | 3.64 |
| Science - Other | 0 | 1 | 1 | 1 | 5 | 124 | 124.00 | 0 | 0 | 0.00 | 1.82 |